Past and Present Fortune 500 Quiz Stats

 Plays Quiz not verified by Sporcle

Score 0/19 Timer 07:00
0 Plays Today
Specialty Area Corporation % Correct
AutomakerFord Motor
94.2%
AutomakerGeneral Motors
92.9%
Infrastructure, Finance and MediaGeneral Electric
83.9%
AerospaceBoeing
81.7%
Computers, Information TechnologyInternational Business Machines
74.6%
Oil and GasExxon Mobil
66.5%
EnergyChevron
64.3%
FoodKraft Foods
50.4%
Global SecurityLockheed Martin
48.2%
ConstructionCaterpillar
29.5%
Specialty Area Corporation % Correct
Providing Branded Products and ServicesProcter & Gamble
25.9%
EnergyConocoPhillips
23.7%
Scientific AdvancementsDuPont
20.5%
Aerospace, Combat/Marine Systems and Information Systems and TechnologyGeneral Dynamics
17%
Homeland Security, Defense TechnologyRaytheon
15.2%
OilSunoco
13.4%
Technological AdvancementsUnited Technologies
12.5%
Scientific AdvancementsDow Chemical
8.9%
AerospaceHoneywell International
2.2%

You're not logged in!

Compare scores with friends on all Sporcle quizzes.
OR
Log In

Show Comments

Extras

Top Quizzes Today


Score Distribution

Your Account Isn't Verified!

In order to create a playlist on Sporcle, you need to verify the email address you used during registration. Go to your Sporcle Settings to finish the process.

Report this User

Report this user for behavior that violates our Community Guidelines.

Details: